00572 a2200181 4500003000400000005001700004008004100021020001800062040000900080082001800089100001900107245002900126260003900155300000900194942004200203952012800245999001700373OSt20231227150024.0231227b |||||||| |||| 00| 0 eng d a9789350724590 coclc a891.43bVAN/E aVanaja, K9437 aECO FEMINISM /cK Vanaja aNew Delhi:bVani Prakashan,c2023. a238p 2ddccBKh891.43iVAN/Ek891.43mVAN/E 00102ddc40708LITaMESbMEScHINd2023-12-27l0o891.43 VAN/Ep43221r2023-12-27 15:01:06v650.00w2023-12-27yBKzGR6R4 c43587d43587